| 000 | 00922nam a22002057a 4500 | ||
|---|---|---|---|
| 008 | 111027s1997 enk|||||r|||| 001 0 eng d | ||
| 020 | _a0127521569 | ||
| 082 |
_222 _a621.3815 _bHIG |
||
| 245 |
_aHigh Brightness Light Emitting Diodes : _bSemiconductors and Semimetals / _cVolume editors G. B. Stringfellow, M. George Craford |
||
| 260 |
_aSan Diego : _b Academic Press, 1997. _c1997 |
||
| 300 |
_axiv, 469 p. : _bill. ; _c24 cm. |
||
| 490 |
_927665 _aSemiconductors and Semimetals ; _vv. 48 |
||
| 504 | _aIncludes bibliographical references and index. | ||
| 650 |
_927664 _aLight emitting diodes |
||
| 653 |
_bEle _cOctober2011 |
||
| 700 |
_927666 _aStringfellow, G. B. _d1942- _q(Gerald B.) |
||
| 700 |
_927667 _aCraford, M. George _d1942- _q(Gerald B.) |
||
| 942 |
_2ddc _cBB |
||
| 999 |
_c16177 _d16177 |
||